00772nam a2200181 a 450000100100000000500170001000800410002704000250006808200140009324500480010726000360015530000200019159000250021195201130023695201120034995201120046199900170057300004781320201002060743.0180817s2018 dr 000 spa d aDO-SdBNPbspacBNPHU axxxbC357 0aCatálogo de la Provincia antillense 2018. aSanto Domingo :bBúho,c2018. a72 p. ;c22 cm. aInventariado,2018/DG 00107-18PDaGRbGRcOId2018-08-17iLF1l0oxxx C357p47813-30r2020-06-25w2020-06-25yLFPDZNo se presta 0010718PDaPDbPDcHDd2018-08-17iLF1l0oxxx C357p47813-10r2020-06-25w2020-06-25yLFPDZNo se presta 0010718PDaPDbPDcHDd2018-08-17iLF1l0oxxx C357p47813-20r2020-06-25w2020-06-25yLFPDZNo se presta c47301d47301